| 000 | 00721nam a22002297a 4500 | ||
|---|---|---|---|
| 003 | 0 | ||
| 005 | 20241003085844.0 | ||
| 008 | 241003b xxu||||| |||| 00| 0 eng d | ||
| 020 | _a9780525580997 | ||
| 050 |
_aPZ 7 _b.L666 2021 |
||
| 100 |
_aLevithan, David, _eauthor. |
||
| 245 |
_aTake me with you when you go / _cDavid Levithan and Jennifer Niven. |
||
| 260 |
_aNew York, NY : _bAlfred A. Knoff, _c2021. |
||
| 300 |
_a328 p. ; _c22 cm. |
||
| 650 |
_aSiblings _vJuvenile fiction. |
||
| 650 |
_aChild abuse _vJuvenile fiction. |
||
| 650 |
_aFamilies _vJuvenile fiction. |
||
| 650 |
_aRunaway teenagers _vJuvenile fiction. |
||
| 650 | _aYoung adult fiction. | ||
| 700 |
_aNiven, Jennifer, _eauthor. |
||
| 942 |
_2lcc _cBK |
||
| 999 |
_c366441 _d366441 |
||